<?xml version="1.0" encoding="UTF-8"?>
<marc:record xmlns:marc="http://www.loc.gov/MARC21/slim">
   <marc:leader>00000nam a2200000 a 4500</marc:leader>
   <marc:datafield ind1="1" ind2=" " tag="100">
      <marc:subfield code="a">Pfister, Marcus</marc:subfield>
      <marc:subfield code="4">aut</marc:subfield>
      <marc:subfield code="e">Verfasser/-in</marc:subfield>
   </marc:datafield>
   <marc:datafield ind1=" " ind2=" " tag="653">
      <marc:subfield code="a">Bilderbuch</marc:subfield>
   </marc:datafield>
   <marc:datafield ind1="0" ind2="0" tag="245">
      <marc:subfield code="a">Mats und die Wundersteine</marc:subfield>
   </marc:datafield>
   <marc:datafield ind1="0" ind2="0" tag="245">
      <marc:subfield code="b">Eine Geschichte mit einem glücklichen und einem traurigen Ende</marc:subfield>
   </marc:datafield>
   <marc:datafield ind1=" " ind2="1" tag="264">
      <marc:subfield code="b">Bertelsmann </marc:subfield>
      <marc:subfield code="c">1997</marc:subfield>
   </marc:datafield>
   <marc:datafield ind1="1" ind2=" " tag="520">
      <marc:subfield code="a">Glücklich und zufrieden lebten die Felsmäuse auf ihrer Insel im Meer. Eines Tages fand Mäuserich Mats einen wunderbar glänzenden Stein, der sogar seine Höhle erwärmen konnte. Jeder wollte natürlich so einen Stein haben, aber der alte Balthasar sagte, wenn man der Insel etwas wegnähme, müsse man ihr dafür etwas anderes geben. Nun entwickelt sich die Geschichte, je nachdem wie man im Buch weiterblättert, in zwei Richtungen... 
</marc:subfield>
   </marc:datafield>
</marc:record>
